| 000 | 00737cam a2200229 a 4500 | ||
|---|---|---|---|
| 005 | 20251001102328.0 | ||
| 020 |
_a9789987081523 _cTZS 92,200/= |
||
| 040 |
_aMCCL _beng. _eAACR 2nd rev. ed. |
||
| 082 | _a346.678043 RWE | ||
| 100 | 1 | _aRwegasira, Abdon. | |
| 245 | 1 | 0 |
_aLand as a human right : _ba history of land law and practice in Tanzania / _cAbdon Rwegasira. |
| 260 |
_aDar-es-Salaam : _bMkuki na Nyota, _cc2012. |
||
| 300 |
_axxv, 412 p. : _c23 cm. |
||
| 504 | _aIncludes bibliographical references. | ||
| 546 | _aeng. | ||
| 650 | 0 |
_aLand tenure _zTanzania |
|
| 650 | 0 |
_aReal property _zTanzania |
|
| 650 | 0 |
_aCustomary law _zTanzania |
|
| 650 | 0 |
_aWomen and right to land _zTanzania |
|
| 700 | _aRwegasira, Abdon. | ||
| 942 | _cBK | ||
| 999 |
_c11482 _d11482 |
||